| 000 | 00806nas a2200277 4500 | ||
|---|---|---|---|
| 001 | BR0001618 | ||
| 003 | BR-BrBNA | ||
| 005 | 20231205101802.0 | ||
| 007 | ta | ||
| 008 | 230509b bl.|||p| |||| 00| 00por d | ||
| 040 |
_aBR-BrBNA _bpor _cBiblioteca Nacional de Agricultura |
||
| 041 | _a(Pt) | ||
| 072 | _aQ04 | ||
| 100 | 1 | _aSilveira, A.E.V.G. da | |
| 100 | 1 | _aSouza-Soares, L.A. de | |
| 100 | 1 | _aBadiale-Furlong, E. | |
| 245 | 1 | _aAvaliacao nutricional de uma massa alimenticia seca a base de plasma bovino | |
| 650 | _aAlimentacao | ||
| 650 | _aMassa | ||
| 650 | _aValor Nutritivo | ||
| 650 | _aPlasma | ||
| 650 | _aBovino | ||
| 773 | 0 |
_tAlimentos e Nutricao (Brazil) _xISSN 0103-4235 _g(2000), v. 11 p. 51-65 _wBR0001618 |
|
| 909 |
_a202311 _bLúcia _c55 _dLúcia Elande |
||
| 942 |
_2AGRIS _n0 _cANA |
||
| 999 |
_c163882 _d163882 |
||